000 00663nam a22001817a 4500
005 20251108172946.0
008 250721s1990 xx 000 0 ara d
082 1 4 _a213.1/سقا
100 1 _aالسقاف، حسن بن علي
245 1 0 _aتناقضات الألباني الواضحات فيما وقع في تصحيح الأحاديث و تضعيفها من أخطاء و غلطات /
264 1 _aعمان :
_bدار الإمام النووي،
_c1990.
300 _a224 ص
490 0 _aسلسلة أبحاث علمية حديثية
_v1
650 1 7 _aعلوم الحديث
650 1 7 _aعلم المصطلح
942 _2ddc
_cBK
999 _c92794
_d92794